| 000 | 00621nam a2200253 a 4500 | ||
|---|---|---|---|
| 001 | nice12345678 | ||
| 003 | IN_TiNIC | ||
| 005 | 20260116012850.0 | ||
| 008 | 050524s1981 boma grp 000 0 urd | ||
| 020 |
_a _c60 |
||
| 082 | 0 | 0 |
_a891.41 _bRIZ |
| 100 | _aRiza, Kalidas Gupta | ||
| 245 | _aKuliyat-E-Chakbast | ||
| 260 |
_aBombay _bSakar Publishers _c1981 |
||
| 300 | _a400p | ||
| 500 | _aincludes index and biblioraphy | ||
| 505 | 2 | _aIndex, Bibliography | |
| 650 | _aUrdu-Poetry-chakbast | ||
| 650 | _aChakbast-Poetry | ||
| 700 | 1 | _aRiza, Kalidas Gupta | |
| 902 | _bSRS | ||
| 942 | _cBK | ||
| 999 |
_c8701 _d8701 |
||